000 00754cam a22002533a 4500
001 17061
003 PGUSA
005 20140828083349.0
008 051114s2005||||xxu|||||s|||||000 | eng d
040 _aPGUSA
_beng
042 _adc
050 4 _aPS
100 1 _aHastings, Milo M.
_q(Milo Milton),
_d1884-1957
245 1 0 _aClass of '29
_h[electronic resource] /
_cMilo M. Hastings
260 _bProject Gutenberg,
_c2005
506 _aPublic domain in the USA.
516 _aElectronic text
653 _aAmerican drama -- 20th century
653 _aDepressions -- 1929 -- United States -- Drama
653 _aCollege graduates -- Drama
830 0 _aProject Gutenberg
_v17061
856 4 0 _uhttp://www.gutenberg.org/ebooks/17061
942 _cEB
999 _c246316
_d246316